00568nam a22001817a 4500003000900000008004100009020002200050040007100072082002200143100001600165245003900181260004300220300003000263440002500293650002000318650001600338700003200354AR-CdUCM190424b ||||| |||| 00| 0 spa d a978-958-766-575-8 aMUNICIPALIDAD PROVINCIAL DEL CUSCOcBIBLIOTECA MUNICIPAL DEL CUSCO aPI / 376.1 /bK84 aKrutop, Lee aMis primero modales :bPor favor / aBogotá :bEdit. Panamericana,c2014. a bIlustraciones,c20 cm. aColecciones la serie aTexto infantil  aEducación aGabriela Garcia de la Torre